Регионална библиотека "Любен Каравелов" - Русе

Щастливи дни (Запис номер 115900)

MARC детайли
000 -Лидер
Контролно поле с фиксирана дължина nam a22 a 4500
003 - Код на организацията, давaща контролен номер
Контролно поле BLK
005 - Дата и час на последна редакция
Контролно поле 20220222132330.0
008 - Елементи от данни с фиксирана дължина
fixed length control field 180409b bul|||||r ||||||| ||bul||
010 ## - Наследен системен номер
LC control number KNG00121419000
040 ## - Източник на каталожния запис
Идентификатор на билиотеката - собственик на записа BLK
041 ## - Код за език
Код за езика на текст/звукозапис или на отделно заглавие Български
Код за езика КДБФ Български
080 ## - УДК
Текстов определител УДК Развиване на мисълта. Подвижни упражнения - Упражняване на вниманието и способността за различаване, наблюдаване на природата, гимнастика, ритмични упражнения, ръчна работа и др.
УДК код - определител по УДК 372.36
УДК - код + определител 372.36
139 ## - Редно поле
Редна дума Йорданова, Любомила и др.
Авторски знак Иорд - И 83
245 10 - Сведения за заглавието
Заглавие Щастливи дни
Подзаглавни данни Подвижни игри с музика за деца от предучилищна възраст
Редно поле (дума) състав. Любомила Йорданова; състав. Лиляна Балевска; състав. Зорка Чифчиева.
250 ## - Област на изданието
Сведения за изданието 2. изд.
257 ## - Страна на издаване
Страна на създаване/издаване България
260 ## - Област на издателските данни
Място на издаване, разпространение и проч. София
Име на издателя, разпространителя и проч. Наука и изкуство
Година на издаване 1962
300 ## - Физическа характеристика
Страници 80 с.
Илюстрации и др. с ноти
Размери/Мащаб 24 см
380 ## - Жанр
Жанр Обществени науки
650 #4 - Допълнително описание по предмет – тема
Основно описание – тема или топоним Музика - в предучилищното възпитание
9 (RLIN) 314381
653 ## - Ключова дума – ненормативна
Ключова дума музикални игри
653 ## - Ключова дума – ненормативна
Ключова дума предучилищно възпитание
700 1# - Други автори (авторска отговорност)
Лично име Йорданова, Любомила
Автороска отговорност (Описва отношението между автора и произведението) състав.
9 (RLIN) 314390
700 1# - Други автори (авторска отговорност)
Лично име Балевска, Лиляна
Автороска отговорност (Описва отношението между автора и произведението) състав.
9 (RLIN) 314391
700 1# - Други автори (авторска отговорност)
Лично име Чифчиева, Зорка
Автороска отговорност (Описва отношението между автора и произведението) състав.
9 (RLIN) 314392
852 ## - Местоположение
Форматна сигнатура Цб 24413
856 4# - Електронен адрес и достъп
Електронен формат pdf - файл
856 4# - Електронен адрес и достъп
Електронен формат pdf - файл
999 ## - СИСТЕМНИ КОНТРОЛНИ НОМЕРА
Koha biblionumber 115900
Koha biblioitemnumber 115900
942 ## - АРТИКУЛИ
Вид на библиотечния материал Книги
Скрит в OPAC Не
Периодичен библиозапис Да
944 ## - СЪЗДАВАНЕ И РЕДАКЦИЯ на ЗАПИСА
Създаване/Редакция Създаване
Дата на регистрацията/редакция 15.02.2011
Статус, дата на статуса добави в АБ / 14.02.2011
Служител, извършил регистрацията/редакцията Геновева_Генчева
944 ## - СЪЗДАВАНЕ И РЕДАКЦИЯ на ЗАПИСА
Създаване/Редакция Редакция
Дата на регистрацията/редакция 15.02.2011
Статус, дата на статуса добави в АБ / 14.02.2011
999 ## - СИСТЕМНИ КОНТРОЛНИ НОМЕРА
Koha biblioitemnumber 115900
Наличности
Код за отписване Код за изгубен артикул Източник на класификационната схема Код за повреда Коз за рестрикции Код за отдаване Артикулен № Име на библиотеката - собственик Име на библиотеката, в която се намира в момента Статус (Текущо местоположение) Дата на вписване в системата Местоположение - отдел Цена в лева Инвентарен номер Систематично азбучна сигнатура Баркод Номер на екземпляра Цена в евро Служебна бележка Служебен тип на артикула
  Не е изгубен Universal Decimal Classification Не е повреден само за читалня ползва се в читалня 186445 Регионална библиотека "Любен Каравелов" Русе Регионална библиотека "Любен Каравелов" Русе Хранилище 1962-01-01 Хранилище 0.55 7468/62 Цб 24413 900000089945 1 0.28 Дост: Dp Вид: Д N: стар фонд Дата: 01.01.1962 Книги
Vip Innovations Ltd, Rousse, Bulgaria 2025